1760 1844 1855 1632 1230 1138 1905 1662 1363 1867 1552 1000 1375 1053 1934 1381 1737 1117 1128 1392 1098 1536 1985 1590 1460 1893 1269 1298 1720 1982 1336 1347 1589 1664 1214 1077 1585 1314 1810 1919 1360 1282 1703 1274 1933 1077 1619 1340 1890 1927 1059 1416 1616 1215 1635 1696 1944 1625 1558 1070 1154 1759 1572 1983 1103 1565 1912 1808 1712 1953 1156 1341 1626 1747 1864 1674 1964 1792 1532 1998 1683 1798 1544 1120 1629 1601 1721 1885 1908 1530 1447 1790 1637 1947 1356 1804 1506 1632 1207 BCNSPRNW ULIB Ver.6.0+V

เปลี่ยนเป็นภาษาไทย

Change to English
 แสดงรายละเอียดบรรณานุกรม
  กลับหน้าหลัก

Brief Record : Get Marc (ISO 2709) : E-mail record : QR code < ปิดหน้าต่าง
LEADER : 00000nam 2200000uu 4500
001    13399121017
003     ULIB
008    020711s2549 th a 000 0 tha d
020    9789745345232
020    9745345237
050    HF5549^bณ318ก
100    ณัฏฐพันธ์ เขจรนันท์
245    การจัดการทรัพยากรมนุษย์ /^cณัฏฐพันธ์ เขจรนันท์
260    กรุงเทพฯ :^bซีเอ็ด,^c2549
300    312 หน้า
650    การบริหารงานบุคคล
945    ^p200^l0^i14833
945    ^p200^l0^i022432
999    ^aทศพร เกษรทอง
รายการนี้ยังไม่มีแท็ก
คุณยังไม่ได้ล็อกอิน คุณสามารถมีกิจกรรมร่วมกับเว็บไซต์ได้ แต่ต้องล็อกอินก่อน ::
  ล็อกอิน

รายการสื่อสารสนเทศ

ลำดับที่ ประเภท เลขเรียก/บาร์โค้ด สถานที่ สถานะ
1. การศึกษาทั่วไป
การศึกษาทั่วไป
HF5549 ณ318ก ฉ.1 
  Barcode: 14833
ห้องสมุดวิทยาเขตสวรรค์ประชารักษ์
►หนังสือทั่วไป
บนชั้น
2. การศึกษาทั่วไป
การศึกษาทั่วไป
HF5549 ณ318ก ฉ.2 
  Barcode: 022432
ห้องสมุดวิทยาเขตนครสวรรค์
►หนังสือทั่วไป:l:General Books
บนชั้น

รายการใกล้เคียง
    หัวเรื่อง [การบริหารงานบุคคล]

BibComment


ยังไม่เคยถูกคอมเมนท์

คอมเมนท์ทรัพยากรรายการนี้
  คอมเมนท์: การจัดการทรัพยากร..


 Copyright 2026. Bcnsprnw @Library